| Registos Bibliográficos associados ao registo de autoridade |
|
Etiqueta de registo: 00254nam 2200025 450 001 2277953 003 http://id.bnportugal.gov.pt/bib/catbnp/2277953 021 ## $aPT$b559869/26 100 ## $a20260309d2026 m y0pory01030103ba 101 1# $apor 102 ## $aPT 105 ## $ay z 000yy 106 ## $ar 200 1# $aDiscipulado$ediscípulos são feitos, não nascem prontos$fWalter Henrichsen$gpref. Howard G. Hendricks 205 ## $a1ª ed 210 #9 $a[S.l.]$cMonte Esperança - Instituto Bíblico das Assembleias de Deus em Portugal,$dD.L. 2026 215 ## $a143 p.$d30 cm 675 ## $a279-312$vBN$zpor$31499114 675 ## $a279-4$vBN$zpor$31705168 700 #1 $aHenrichsen,$bWalter,$f1934-$31948953 702 #1 $aHendricks,$bHoward G.,$f1924-2013$4080$31989835 801 #0 $aPT$bBN$gRPC 856 41 $uhttp://rnod.bnportugal.gov.pt/ImagesBN/winlibimg.aspx?skey=&doc=2277953&img=220982&save=true 900 ## $aBIBNAC$d20260407 966 ## $lBN$mFGMON$sR. 33453 V.$x1 971 ## $cabrito$d20260309 972 ## $e0$z0$d20260407$vasantos 973 ## $csteixeira$d20260331
Etiqueta de registo: 00000ndm 2200025 001 2277948 003 http://id.bnportugal.gov.pt/bib/catbnp/2277948 100 ## $a20260309f18901910k y0pory01030103ba 101 0# $apor 102 ## $aPT 106 ## $ah 200 1# $aOf the Passing Regiment$bMúsica manuscrita]$fpar R. Coverley 210 #1 $d[Entre 1890 e 1910] 215 ## $a1 partitura (9 p.)$d23 x 35 cm 317 ## $aEspólio do Maestro Silva Pereira 500 11 $aMarchas,$rbanda 517 ## $aA Passagem do Regimento 517 ## $aThe passing of regiment 675 ## $a78.089.6$vBN$zpor$3536969 700 #1 $aCoverley,$bRoberto$31611910 702 #1 $aHendricks,$bHoward G.,$f1924-2013$31989835 801 #0 $aPT$bBN$gRPC 966 ## $lBN$mMUSICA$sEMUS18 833$x7 971 ## $cCatmusica12$d20260309 995 ## $aPRR2026
Etiqueta de registo: 00000ndm 2200025 001 2277946 003 http://id.bnportugal.gov.pt/bib/catbnp/2277946 100 ## $a20260309d1948 k y0pory01030103ba 101 0# $afre$apor 102 ## $aPT 106 ## $ah 200 1# $aSonate$bMúsica manuscrita]$ePour Alto Viola avec accompagment de Piano$fde Haendel$gPar Léon Van Hout$gCopiou José Rocha das Neves 210 #1 $aPorto,$dMaio de 1948 215 ## $a1 partitura (6 p.) e 1 parte$d34 x 27 cm 317 ## $aEspólio do Maestro Silva Pereira 500 11 $aSonatas,$rvla, pf 675 ## $a78.089.6$vBN$zpor$3536969 700 #1 $aHändel,$bGeorg Friedrich,$f1685-1759$399656 702 #1 $aHendricks,$bHoward G.,$f1924-2013$31989835 801 #0 $aPT$bBN$gRPC 966 ## $lBN$mMUSICA$sEMUS18 836$x7 971 ## $cCatmusica10$d20260309 995 ## $aPRR2026
|
|
|